Algebraic foundations of many-valued reasoning /

Guardado en:
Autor Principal: Cignoli, Roberto.
Otros Autores: D'Ottaviano, Itala M. L., 1944-, Mundici, Daniele, 1946-
Formato: Libro
Idioma:English
Publicado: Dordrecht : Kluwer Academic Publishers, c2000.
Series:Trends in logic ; v. 7
Materias:
Etiquetas: Agregar Etiqueta
Sin Etiquetas, Sea el primero en etiquetar este registro!
LEADER 00915cam a22002534a 4500
001 MAT.inmabb004009
008 991007s2000####ne#######b####001#0#eng##
005 20130404113947.0
245 1 0 |a Algebraic foundations of many-valued reasoning /  |c Roberto L.O. Cignoli, Itala M.L. D'Ottaviano, and Daniele Mundici. 
260 |a Dordrecht :  |b Kluwer Academic Publishers,  |c c2000. 
300 |a ix, 231 p. ;  |c 25 cm. 
440 0 |a Trends in logic ;  |v v. 7 
504 |a Incluye referencias bibliográficas (p. 203-224) e índice. 
510 4 |a MR,  |c 2001j:03114 
020 |a 0792360095 
100 1 |a Cignoli, Roberto. 
700 1 |a D'Ottaviano, Itala M. L.,  |d 1944- 
700 1 |a Mundici, Daniele,  |d 1946- 
650 0 |a Many-valued logic. 
650 0 |a Proposition (Logic) 
084 |a 03G20 (03-02 03B50 08-02 20K99 46L99)  |2 msc2000 
010 |a  99052098  
040 |a DLC  |c DLC  |d DLC 
859 |h 03  |i C571  |p A-8362  |b BIB. MATEMATICA